Normale Ansicht MARC-Ansicht ISBD

Ein Stadion und seine vielen Sternstunden. (Titelsatznr. 372636)

[ MARC ]
MARC-Details
000 -Satzkennung
Kontrollfeld mit fester Länge 00776nab a2200181 4500
001 - Kontrollnummer
Kontrollfeld 244442
003 - Kontrollnummer Identifier
Kontrollfeld OSt
005 - Datum und Zeit der letzten Transaktion
Kontrollfeld 20230726131757.0
007 - Feld mit fester Länge zur physischen Beschreibung - Allgemeine Information
Kontrollfeld mit fester Länge tu
008 - Feld mit fester Länge zur physischen Beschreibung - Allgemeine Angaben
Kontrollfeld mit fester Länge 200917s2020|||||||
040 ## - Katalogisierungsquelle
Original-Katalogisierungsstelle DE-2950
Übertragungsstelle DE-2950
245 00 - Titel
Titel Ein Stadion und seine vielen Sternstunden.
Verfasserangabe etc. Hans Eberhard
Zusatz zum Titel Jubiläum. Spiele gegen Juventus Turin und Werder Bremen oder ein Konzert von Udo Lindenberg - das Stadion der Freundschaft in Frankfurt wird 70 Jahre alt und hat viele Geschichten zu erzählen. Warum es schonn vor der Eröffnung am 12. Juli 1953 Ärger gab und wie es heute dasteht/
264 ## - Produktion, Veröffentlichung, Distribution, Herstellung und Urheberrechtsvermerk
Datum der Herstellung, der Veröffentlichung, des Vertriebs oder des Urheberschutzvermerks 2023
653 ## - Indexierungsterm - Nicht normiert
Nicht-normierter Term Frankfurt (Oder)
653 ## - Indexierungsterm - Nicht normiert
Nicht-normierter Term Stadion der Freundschaft
773 0# - Übergeordnete Einheit
Verknüpfungsangaben 34. Jahrgang (2023) Nr. 160 vom 12.07.2023, S. 15, mit Foto
Titel Märkische Oderzeitung
942 ## - Zusätzliche Felder (Koha)
Klassifikation oder Aufstellungssystematik Andere/Generische Klassifikation
Koha-Medientyp Aufsätze
Exemplare
Ausgeschieden Verloren Klassifikation oder Aufstellungssystematik Beschädigt Nicht entleihbar Heimatbibliothek Aufenthaltsbibliothek Aufstellungsort Erwerbungsdatum Anzahl Ausleihen Signatur Letzte Aktivität Preis gültig von Koha-Medientyp
    Andere/Generische Klassifikation     Stadtarchiv Frankfurt (Oder) | Archivbibliothek Stadtarchiv Frankfurt (Oder) | Archivbibliothek Magazin 26/07/2023   Z2 26/07/2023 26/07/2023 Aufsätze